Pretend the world is funny and forever : a psychological analysis of comedians, clowns, and actors /

Bibliographic Details
Main Author: Fisher, Seymour
Other Authors: Fisher, Rhoda Lee, 1924-
Format: Book
Language:English
Published: Hillsdale, N.J. : L. Erlbaum Associates, 1981.
Subjects:

MARC

Tag First Indicator Second Indicator Subfields
LEADER 00000pam a2200000 a 4500
001 in00000076153
005 20151008060444.0
008 800603s1981 nju b 00110dengm
010 |a  80017777  
020 |a 0898590736 
035 |a (OCoLC)06446889 
035 |9 AAJ5787AM 
040 |a DLC  |c DLC  |d m.c.  |d TXA  |d UtOrBLW 
049 |a TXAM  |c [1442813] 
050 0 0 |a PN2071.P78  |b F5 
082 0 |a 791/.092/2 
100 1 |a Fisher, Seymour. 
245 1 0 |a Pretend the world is funny and forever :  |b a psychological analysis of comedians, clowns, and actors /  |c Seymour Fisher, Rhoda L. Fisher. 
264 1 |a Hillsdale, N.J. :  |b L. Erlbaum Associates,  |c 1981. 
300 |a xiv, 252 pages ;  |c 24 cm. 
336 |a text  |b txt  |2 rdacontent 
337 |a unmediated  |b n  |2 rdamedia 
338 |a volume  |b nc  |2 rdacarrier 
500 |a Includes indexes. 
504 |a Bibliography: pages 227-245. 
650 0 |a Actors  |x Psychology. 
650 0 |a Comedians  |x Psychology. 
650 0 |a Wit and humor  |x Psychology. 
700 1 |a Fisher, Rhoda Lee,  |d 1924- 
999 |a MARS 
999 f f |s d568887a-8bc0-397a-a076-0afab4b766d3  |i 31571d73-8376-3285-8f0d-58fd745fc16d  |t 0 
952 f f |p ric  |a Texas A&M University  |b Rellis Campus  |c Joint Library Facility  |s JLF  |d Remote Storage  |t 0  |e PN2071.P78 F5  |h Library of Congress classification  |i unmediated -- volume  |m A14806178361 
998 f f |a PN2071.P78 F5  |t 0  |l Remote Storage